00735nam a2200241 a 450000100060000000300080000600500170001400800410003103500190007204000350009104100080012608200300013410000400016424500440020425000120024826000400026030000210030050400410032165000200036265000440038265000320042665100350045832418BD-RjUL20211209051831.0031030s1876 enk b 000 0 eng d a(BD-RjUL)32507 aBD-RjULbengcBD-RjULdBD-RjUL aeng 223a954.0088297bHUI 18761 aHunter, William Wilson,d1840-1900.14aThe Indian Musalmans /cby W.W. Hunter. a3rd ed. aLondon :bTrübner and Co.,c1876. a219 p. ;c24 cm. aIncludes bibliographical references. 0aMuslimszIndia. 0aBritish Occupation of India (1765-1947) 0aMuslimsxPolitical activity aIndiaxPolitics and government